000 00851cam a2200193 4500
001 L136066
008 070108n2006 000 0 eng u
035 _a(Sirsi) u136066
041 0 _aeng
110 2 _aEnglish Partnerships
_91764
245 0 4 _aThe brownfields guide
260 _c2006
520 _aDescribes how brownfield sites may best be considered for reuse, whilst acknowledging that redevelopment may not always be appropriate. Discusses returning brownfield land to beneficial use, the regulatory framework and a phased approach to brownfield redevelopment.
590 _aKA NTK
651 4 _aEngland
_y886-
690 _aBUILDING AND CONSTRUCTION-SUSTAINABLE
856 4 0 _uhttps://www.englishpartnerships.co.uk/publications.htm#programmesandprojects
_zView the item free of charge at www.englishpartnerships.co.uk...
942 _n0
999 _c106304
_d106304